Novelas e historias de vida / (Record no. 192190)

MARC details
000 -LEADER
campo de control de longitud fija 01052nam a2200313 i 4500
001 - NÚMERO DE CONTROL
campo de control 192190
003 - IDENTIFICADOR DE NÚMERO DE CONTROL
campo de control ES-MaACL
005 - FECHA Y HORA DE LA ÚLTIMA TRANSACCIÓN
campo de control 20250805062618.0
008 - DATOS DE LONGITUD FIJA--INFORMACIÓN GENERAL
campo de control de longitud fija 221113s2017 sp r 001 0 spa c
017 ## - NÚMERO DE COPYRIGHT O DE DEPÓSITO LEGAL
Número de copyright o de depósito legal AS 374-2016
Agencia que asigna Oficina Depósito Legal Asturias
020 ## - NÚMERO INTERNACIONAL ESTÁNDAR DEL LIBRO
Número Internacional Estándar del Libro 9788494647338
040 ## - FUENTE DE CATALOGACIÓN
Centro catalogador/agencia de origen SpMaUCTR
Lengua de catalogación spa
Centro/agencia transcriptor ES-MaACL
080 ## - NÚMERO DE LA CLASIFICACIÓN DECIMAL UNIVERSAL
Número de la Clasificación Decimal Universal 316.62
Identificador de la edición 2015
100 1# - ENTRADA PRINCIPAL--NOMBRE DE PERSONA
Nombre de persona Cerdeira, Isabel.
9 (RLIN) 175754
Término indicativo de función/relación Autor
245 10 - MENCIÓN DEL TÍTULO
Título Novelas e historias de vida /
Mención de responsabilidad, etc. Isabel Cerdeira Gutiérrez.
250 ## - MENCION DE EDICION
Mención de edición 1ª edición: enero, 2017
260 ## - PUBLICACIÓN, DISTRIBUCIÓN, ETC.
Lugar de publicación, distribución, etc. Siero, Asturias :
Nombre del editor, distribuidor, etc. Sapere Aude,
Fecha de publicación, distribución, etc. 2017.
300 ## - DESCRIPCIÓN FÍSICA
Extensión 179 páginas ;
Dimensiones 21 cm.
490 1# - MENCIÓN DE SERIE
Mención de serie Sociología clínica
500 ## - NOTA GENERAL
Nota general Índice
504 ## - NOTA DE BIBLIOGRAFÍA, ETC.
Nota de bibliografía, etc. Bibliografía: páginas 173-179.
650 07 - PUNTO DE ACCESO ADICIONAL DE MATERIA--TÉRMINO DE MATERIA
Término de materia o nombre geográfico como elemento de entrada Sociología
Fuente del encabezamiento o término embne
9 (RLIN) 17195
830 0# - PUNTO DE ACCESO ADICIONAL DE SERIE-TÍTULO UNIFORME
Título uniforme Sociología clínica
9 (RLIN) 226111
852 4# - LOCALIZACIÓN
Ubicación ES-MaACL
Número de control de estantería N-8132
Sublocalización o colección R. 153216
Ubicación en estantería Depósito J
Donativo/Legado Donación: Isabel Cerdeira
itemnumber 199472
903 ## - NOMBRE PERSONAL DE DONANTE
9 175754
a Cerdeira, Isabel
e Donante
942 ## - ELEMENTOS DE ENTRADA SECUNDARIOS (KOHA)
Tipo de ítem Koha Libro impreso
Suprimir en OPAC No
Holdings
Estatus retirado Estado de pérdida Fuente del sistema de clasificación o colocación Estado de daño No para préstamo Biblioteca de origen Biblioteca actual Ubicación en estantería Fecha de adquisición Fuente de adquisición Total de préstamos Signatura topográfica completa Código de barras Visto por última vez Tipo de ítem Koha
    Clasificación decimal universal     Biblioteca del Ateneo de Madrid Biblioteca del Ateneo de Madrid Depósito J 13/11/2022 Donación   N-8132 101206433 23/02/2023 Libro impreso